[Event "36. Copenhagen Open (Politiken Cup)"]
[Site "Elsinore"]
[Date "2014.07.29"]
[Round "10"]
[White "Markussen, Benno Orvad"]
[Black "Stuhr, Peter Sebastian"]
[Result "0-1"]
[WhiteElo "1732"]
[BlackElo "1965"]
[PlyCount "126"]
[EventDate "2014.07.21"]
[EventType "swiss"]
[EventRounds "10"]
[EventCountry "DEN"]
[Source "ChessBase"]
[SourceDate "2014.08.29"]

1. Nf3 Nc6 2. b3 e5 3. d3 Bc5 4. Bb2 d6 5. e3 a6 6. Be2 f5 7. d4 Bb4+ 8. c3 e4
9. cxb4 exf3 10. Bxf3 d5 11. Nc3 Nf6 12. a3 O-O 13. O-O Be6 14. Rc1 Ne7 15. Be2
c6 16. f4 Ne4 17. Rf3 Kh8 18. a4 b5 19. Nb1 Qd6 20. Ba3 Ng8 21. Nd2 Ngf6 22.
Bd3 Rfc8 23. Rf1 a5 24. axb5 axb4 25. Bb2 Ra2 26. Rc2 cxb5 27. Rxc8+ Bxc8 28.
Qc1 Bd7 29. Nxe4 dxe4 30. Bb1 Ra6 31. Qd2 Rc6 32. Rc1 Nd5 33. Bc2 Qc7 34. Bd1
Be6 35. Ra1 g6 36. h3 Kg8 37. Kh2 Kf7 38. Rc1 Rxc1 39. Qxc1 Nc3 40. Qd2 Bd5 41.
Qc1 Qc6 42. g4 Nxd1 43. Qxd1 Qe6 44. gxf5 Qxf5 45. Qd2 Be6 46. Qg2 Bxb3 47. Qg5
Be6 48. Qxf5+ Bxf5 49. d5 Ke7 50. Be5 b3 51. h4 b2 52. Bxb2 Kd6 53. Kg3 Kxd5
54. h5 Kc4 55. Kh4 Kd3 56. Bd4 b4 57. Kg5 b3 58. Kh6 b2 59. Bxb2 Kxe3 60. hxg6
hxg6 61. Kg5 Kd2 62. Ba3 e3 63. Bb4+ Kd1 0-1

[Event "36. Copenhagen Open (Politiken Cup)"]
[Site "Elsinore"]
[Date "2014.07.29"]
[Round "10"]
[White "Merkesvik, Amalie Isabel"]
[Black "Jacobsen, Per"]
[Result "1-0"]
[WhiteElo "1497"]
[BlackElo "1655"]
[PlyCount "49"]
[EventDate "2014.07.21"]
[EventType "swiss"]
[EventRounds "10"]
[EventCountry "DEN"]
[Source "ChessBase"]
[SourceDate "2014.08.29"]

1. e4 Nf6 2. Nc3 d6 3. Nf3 g6 4. d4 Bg7 5. h3 c6 6. Be3 O-O 7. Bd3 Nbd7 8. Qd2
Re8 9. O-O-O b5 10. g4 b4 11. Nb1 a5 12. Rdg1 e5 13. dxe5 Nxe5 14. Nxe5 Rxe5
15. f3 Re8 16. h4 Nd7 17. h5 Qf6 18. c3 bxc3 19. Nxc3 Qxf3 20. hxg6 fxg6 21.
Bh6 Nf6 22. Bxg7 Kxg7 23. Qh6+ Kg8 24. Rf1 Qxd3 25. Rxf6 1-0

[Event "36. Copenhagen Open (Politiken Cup)"]
[Site "Elsinore"]
[Date "2014.07.29"]
[Round "10"]
[White "Moe, Mogens"]
[Black "Hendrickson, Nolan"]
[Result "0-1"]
[WhiteElo "2274"]
[BlackElo "2168"]
[PlyCount "72"]
[EventDate "2014.07.21"]
[EventType "swiss"]
[EventRounds "10"]
[EventCountry "DEN"]
[Source "ChessBase"]
[SourceDate "2014.08.29"]

1. e4 c5 2. Nf3 d6 3. d4 cxd4 4. Nxd4 Nf6 5. Nc3 g6 6. Be2 Bg7 7. O-O Nc6 8.
Nb3 O-O 9. f4 Bd7 10. g4 Rc8 11. g5 Ne8 12. Nd5 Nc7 13. Ne3 b5 14. Qe1 Ne6 15.
Bxb5 Ned4 16. Bd3 Bh3 17. Rf2 Qb6 18. Nd5 Nf3+ 19. Kh1 Nxe1 20. Nxb6 Nxd3 21.
cxd3 axb6 22. Be3 Be6 23. f5 Bxb3 24. axb3 Bd4 25. Bxd4 Nxd4 26. Ra4 Nxb3 27.
Rb4 Nc5 28. Rd2 Nd7 29. d4 Rc1+ 30. Kg2 Rfc8 31. f6 exf6 32. gxf6 Nxf6 33. e5
R1c2 34. Rxc2 Rxc2+ 35. Kf3 dxe5 36. dxe5 Nd7 0-1

[Event "36. Copenhagen Open (Politiken Cup)"]
[Site "Elsinore"]
[Date "2014.07.29"]
[Round "10"]
[White "Moiseenko, Alexander"]
[Black "Svane, Rasmus"]
[Result "0-1"]
[WhiteElo "2707"]
[BlackElo "2494"]
[PlyCount "106"]
[EventDate "2014.07.21"]
[EventType "swiss"]
[EventRounds "10"]
[EventCountry "DEN"]
[Source "ChessBase"]
[SourceDate "2014.08.29"]

1. d4 d5 2. c4 c6 3. Nf3 Nf6 4. Nc3 e6 5. e3 a6 6. Ne5 c5 7. cxd5 exd5 8. Be2
Bd6 9. O-O O-O 10. f4 Nc6 11. Kh1 cxd4 12. exd4 Qb6 13. Nxc6 Qxc6 14. f5 Bb4
15. Bd2 Re8 16. Rc1 Qb6 17. a3 Bxc3 18. Bxc3 Bd7 19. Bd3 Bb5 20. Qb3 Re3 21.
Bxb5 axb5 22. a4 Qd6 23. Qxb5 Ng4 24. g3 Nxh2 25. Rf4 Rxg3 26. Qxb7 Rf8 27. Rh4
Nf3 28. Bb4 Qf6 29. Qe7 Qxh4+ 30. Qxh4 Nxh4 31. Bxf8 Kxf8 32. a5 Rh3+ 33. Kg1
Rb3 34. Rc8+ Ke7 35. a6 Rxb2 36. a7 Ra2 37. a8=Q Nf3+ 38. Kf1 Rxa8 39. Rxa8
Nxd4 40. Kf2 Nxf5 41. Kf3 Kf6 42. Kf4 Nd4 43. Ra5 Ne6+ 44. Kg4 Ke5 45. Ra7 f5+
46. Kh5 d4 47. Rd7 d3 48. Kh4 Nd4 49. Re7+ Kf4 50. Rd7 Ke3 51. Re7+ Kf2 52. Rd7
d2 53. Rxd4 Ke2 0-1

[Event "36. Copenhagen Open (Politiken Cup)"]
[Site "Elsinore"]
[Date "2014.07.29"]
[Round "10"]
[White "Molin, Claus"]
[Black "Petersen, Peter Birk"]
[Result "1/2-1/2"]
[WhiteElo "2002"]
[BlackElo "2126"]
[PlyCount "25"]
[EventDate "2014.07.21"]
[EventType "swiss"]
[EventRounds "10"]
[EventCountry "DEN"]
[Source "ChessBase"]
[SourceDate "2014.08.29"]

1. d4 g6 2. e4 Bg7 3. Nc3 d6 4. Bc4 Nf6 5. Qe2 Nc6 6. Nf3 O-O 7. h3 Nd7 8. Be3
e5 9. dxe5 Ndxe5 10. Nxe5 Nxe5 11. Bb3 Nc6 12. Qd2 Na5 13. Bd4 1/2-1/2

[Event "36. Copenhagen Open (Politiken Cup)"]
[Site "Elsinore"]
[Date "2014.07.29"]
[Round "10"]
[White "Molvig, Henrik"]
[Black "Mottonen, Ari"]
[Result "1-0"]
[WhiteElo "2162"]
[BlackElo "2000"]
[PlyCount "47"]
[EventDate "2014.07.21"]
[EventType "swiss"]
[EventRounds "10"]
[EventCountry "DEN"]
[Source "ChessBase"]
[SourceDate "2014.08.29"]

1. d4 Nf6 2. c4 e6 3. Nf3 Bb4+ 4. Nbd2 d5 5. e3 O-O 6. Bd3 Re8 7. O-O Nbd7 8.
e4 dxe4 9. Nxe4 Nxe4 10. Bxe4 Nf6 11. Bc2 b6 12. Qe2 Be7 13. Rd1 Bb7 14. Ne5 c6
15. Bg5 h6 16. Bxf6 Bxf6 17. Qe4 Kf8 18. Rd3 Qc7 19. Qf4 Bxe5 20. dxe5 f5 21.
Rad1 Rad8 22. Rd6 Rxd6 23. exd6 Qf7 24. d7 1-0

[Event "36. Copenhagen Open (Politiken Cup)"]
[Site "Elsinore"]
[Date "2014.07.29"]
[Round "10"]
[White "Molvig, Julius"]
[Black "Weeks, Manuel William"]
[Result "1/2-1/2"]
[WhiteElo "1892"]
[BlackElo "2206"]
[PlyCount "29"]
[EventDate "2014.07.21"]
[EventType "swiss"]
[EventRounds "10"]
[EventCountry "DEN"]
[Source "ChessBase"]
[SourceDate "2014.08.29"]

1. d4 Nf6 2. c4 e6 3. Nf3 d5 4. Nc3 Bb4 5. Bg5 Nbd7 6. e3 c5 7. cxd5 exd5 8.
dxc5 Qa5 9. Qd4 O-O 10. Nd2 Bxc5 11. Qh4 Bb4 12. Rc1 Ne4 13. Ndxe4 dxe4 14. a3
Bd6 15. Be7 1/2-1/2

[Event "36. Copenhagen Open (Politiken Cup)"]
[Site "Elsinore"]
[Date "2014.07.29"]
[Round "10"]
[White "Morkedal, Oyvind"]
[Black "Dyrnes, Jussi"]
[Result "1/2-1/2"]
[WhiteElo "1719"]
[BlackElo "1834"]
[PlyCount "128"]
[EventDate "2014.07.21"]
[EventType "swiss"]
[EventRounds "10"]
[EventCountry "DEN"]
[Source "ChessBase"]
[SourceDate "2014.08.29"]

1. e4 c5 2. Nf3 g6 3. d4 Bg7 4. Be3 Nf6 5. Nc3 Ng4 6. Bg5 Qa5 7. Bd2 d6 8. Nd5
Qd8 9. c3 O-O 10. h3 Nf6 11. Nxf6+ exf6 12. Bd3 d5 13. O-O c4 14. Bc2 b5 15.
exd5 Bb7 16. a4 Qxd5 17. Re1 f5 18. axb5 Nd7 19. Qc1 Nf6 20. Re5 Qd6 21. Bh6
Bxf3 22. Bxg7 Kxg7 23. gxf3 Nd7 24. Ra6 Nb6 25. Qe3 Qd7 26. Re7 Qxb5 27. Qe5+
Qxe5 28. Rxe5 Kf6 29. Ba4 Kg5 30. Bc6 Rac8 31. Bb5 Rc7 32. Rc5 Re7 33. Re5 Rxe5
34. dxe5 Kf4 35. Kg2 Kxe5 36. Rxa7 Kd6 37. Kf1 f4 38. Ba4 Nxa4 39. Rxa4 Rc8 40.
Ra7 Ke6 41. Rb7 g5 42. b3 cxb3 43. Rxb3 Rc6 44. Ke2 f5 45. Kd2 Ra6 46. Rb7 h6
47. Rh7 Kd5 48. Kd3 Rd6 49. Kc2 Rg6 50. Kd3 Kc5 51. Rf7 Rd6+ 52. Kc2 Kc4 53.
Rxf5 Ra6 54. Kb2 Kd3 55. h4 Rb6+ 56. Kc1 Kxc3 57. hxg5 Rg6 58. Rxf4 Rxg5 59.
Rg4 Rh5 60. Rg1 Kd3 61. Rg6 Rh1+ 62. Kb2 Ke2 63. f4 Rh5 64. f5 Rxf5 1/2-1/2

[Event "36. Copenhagen Open (Politiken Cup)"]
[Site "Elsinore"]
[Date "2014.07.29"]
[Round "10"]
[White "Mortensen, Jan T"]
[Black "Nilssen, John Arni"]
[Result "0-1"]
[WhiteElo "2083"]
[BlackElo "2322"]
[PlyCount "44"]
[EventDate "2014.07.21"]
[EventType "swiss"]
[EventRounds "10"]
[EventCountry "DEN"]
[Source "ChessBase"]
[SourceDate "2014.08.29"]

1. f4 c5 2. Nf3 Nc6 3. b3 d5 4. e3 a6 5. Bb2 Nf6 6. Be2 e6 7. Ne5 Qc7 8. Nxc6
Qxc6 9. d3 Bd6 10. Nd2 Qc7 11. Nf3 Ng4 12. Qd2 d4 13. Nxd4 cxd4 14. Bxg4 dxe3
15. Qxe3 Qxc2 16. Bxg7 Rg8 17. Rc1 Bb4+ 18. Kf1 Qd2 19. Qxd2 Bxd2 20. Rc4 Rxg7
21. Bf3 Rb8 22. b4 b5 0-1

[Event "36. Copenhagen Open (Politiken Cup)"]
[Site "Elsinore"]
[Date "2014.07.29"]
[Round "10"]
[White "Mott, Jens"]
[Black "Plata Fernandez, Diego"]
[Result "1-0"]
[WhiteElo "1881"]
[BlackElo "1745"]
[PlyCount "85"]
[EventDate "2014.07.21"]
[EventType "swiss"]
[EventRounds "10"]
[EventCountry "DEN"]
[Source "ChessBase"]
[SourceDate "2014.08.29"]

1. e4 c5 2. g3 Nc6 3. Bg2 e6 4. Nc3 Nf6 5. f4 d5 6. e5 Nd7 7. Nf3 Be7 8. a4 a6
9. d3 Rb8 10. O-O h5 11. h4 b5 12. axb5 axb5 13. Ne2 Qb6 14. Be3 Bb7 15. Qd2 d4
16. Bf2 O-O 17. b3 Ra8 18. Rfb1 Rxa1 19. Rxa1 b4 20. Qd1 Na7 21. Nd2 Bxg2 22.
Kxg2 Qc6+ 23. Kh3 Nb5 24. Ne4 Ra8 25. Rxa8+ Qxa8 26. Ng1 Qa2 27. Nf3 Na3 28.
Ne1 g6 29. g4 hxg4+ 30. Kxg4 f5+ 31. exf6 Nxf6+ 32. Nxf6+ Bxf6 33. Qe2 Kf7 34.
h5 gxh5+ 35. Kxh5 Qb1 36. Bh4 Bxh4 37. Kxh4 Qc1 38. Kg5 Qe3 39. Qh5+ Ke7 40.
Nf3 Nxc2 41. Qh7+ Kd6 42. Qh8 Qxf3 43. Qd8+ 1-0

[Event "36. Copenhagen Open (Politiken Cup)"]
[Site "Elsinore"]
[Date "2014.07.29"]
[Round "10"]
[White "Muschik, Benedikt"]
[Black "Nielsen, Jan Mose"]
[Result "1-0"]
[WhiteElo "2353"]
[BlackElo "2078"]
[PlyCount "67"]
[EventDate "2014.07.21"]
[EventType "swiss"]
[EventRounds "10"]
[EventCountry "DEN"]
[Source "ChessBase"]
[SourceDate "2014.08.29"]

1. d4 Nf6 2. Bf4 d6 3. e3 g6 4. Nf3 Bg7 5. Be2 Nbd7 6. h3 b6 7. c4 Bb7 8. Nc3
O-O 9. Qc2 e5 10. Bh2 exd4 11. exd4 Bxf3 12. Bxf3 Qe7+ 13. Qe2 Rae8 14. Qxe7
Rxe7+ 15. Kd2 Bh6+ 16. Kd3 Rfe8 17. Nb5 Nb8 18. g4 Na6 19. a3 Ne4 20. Bxe4 Rxe4
21. Be5 Nc5+ 22. dxc5 R8xe5 23. cxd6 cxd6 24. Nxa7 Re2 25. b4 Rd2+ 26. Kc3 Ree2
27. Rad1 Rb2 28. Kd4 d5 29. Kxd5 Re7 30. Nc8 Rc7 31. Nxb6 Rxf2 32. c5 Ra2 33.
Rd3 Bf4 34. Kc4 1-0

[Event "36. Copenhagen Open (Politiken Cup)"]
[Site "Elsinore"]
[Date "2014.07.29"]
[Round "10"]
[White "Negi, Parimarjan"]
[Black "Matlakov, Maxim"]
[Result "1/2-1/2"]
[WhiteElo "2645"]
[BlackElo "2685"]
[PlyCount "33"]
[EventDate "2014.07.21"]
[EventType "swiss"]
[EventRounds "10"]
[EventCountry "DEN"]
[Source "ChessBase"]
[SourceDate "2014.08.29"]

1. e4 e5 2. Nf3 Nc6 3. Bb5 Nf6 4. O-O Nxe4 5. Re1 Nd6 6. Nxe5 Be7 7. Bf1 Nf5 8.
Nf3 O-O 9. d4 d5 10. c3 Bd6 11. Bd3 h6 12. Nbd2 Qf6 13. Nf1 Be6 14. Bc2 Rfe8
15. Qd3 Qg6 16. Qd1 Qf6 17. Qd3 1/2-1/2

[Event "36. Copenhagen Open (Politiken Cup)"]
[Site "Elsinore"]
[Date "2014.07.29"]
[Round "10"]
[White "Nielsen, Bjorn"]
[Black "Merkesvik, Frode"]
[Result "0-1"]
[WhiteElo "1417"]
[BlackElo "1633"]
[PlyCount "106"]
[EventDate "2014.07.21"]
[EventType "swiss"]
[EventRounds "10"]
[EventCountry "DEN"]
[Source "ChessBase"]
[SourceDate "2014.08.29"]

1. e4 c5 2. Nc3 Nc6 3. Nf3 d6 4. Be2 g6 5. b3 Bg7 6. Bb2 Nf6 7. Rb1 O-O 8. O-O
Re8 9. g3 a6 10. Nh4 Bh3 11. Ng2 b5 12. d3 Nd4 13. Nd5 Nxe2+ 14. Qxe2 Nxd5 15.
exd5 Bxb2 16. Rxb2 Qd7 17. Re1 Bxg2 18. Kxg2 e5 19. c4 b4 20. Kh1 a5 21. Qf1
Qf5 22. Rd2 a4 23. Red1 axb3 24. axb3 Ra3 25. Rb1 Rea8 26. Rdb2 Qf3+ 27. Kg1 f5
28. Qe2 Qxe2 29. Rxe2 Ra1 30. Ree1 R1a2 31. Red1 Kf7 32. Kf1 Kf6 33. h4 h6 34.
Ke1 f4 35. Rd2 f3 36. Kd1 Kf5 37. Kc1 Rxd2 38. Kxd2 Ra2+ 39. Ke1 Re2+ 40. Kf1
Rd2 41. Kg1 Rxd3 42. Kh2 h5 43. Kg1 g5 44. hxg5 Kxg5 45. Kh2 Kg4 46. Kh1 e4 47.
Kg1 e3 48. fxe3 Rxe3 49. Kh2 Re2+ 50. Kg1 Kxg3 51. Rf1 f2+ 52. Kh1 Re1 53. Rg1+
Rxg1# 0-1

[Event "36. Copenhagen Open (Politiken Cup)"]
[Site "Elsinore"]
[Date "2014.07.29"]
[Round "10"]
[White "Nielsen, Kai Gylling"]
[Black "Schultz Pedersen, Jesper"]
[Result "0-1"]
[WhiteElo "1897"]
[BlackElo "2235"]
[PlyCount "40"]
[EventDate "2014.07.21"]
[EventType "swiss"]
[EventRounds "10"]
[EventCountry "DEN"]
[Source "ChessBase"]
[SourceDate "2014.08.29"]

1. e4 Nc6 2. Nf3 e5 3. d4 exd4 4. Nxd4 Bc5 5. Nxc6 bxc6 6. Bc4 Qh4 7. Qf3 Nf6
8. Nd2 O-O 9. g3 Qh3 10. Bf1 Qe6 11. Bd3 d5 12. O-O Re8 13. exd5 cxd5 14. Nb3
Bb6 15. Bd2 Ne4 16. Rae1 Bb7 17. Qh5 Qf6 18. Be3 Re5 19. Qh3 Rae8 20. f3 Ng5
0-1

[Event "36. Copenhagen Open (Politiken Cup)"]
[Site "Elsinore"]
[Date "2014.07.29"]
[Round "10"]
[White "Nielsen, Klaus"]
[Black "Mehringer, Joerg"]
[Result "1-0"]
[WhiteElo "2067"]
[BlackElo "1939"]
[PlyCount "43"]
[EventDate "2014.07.21"]
[EventType "swiss"]
[EventRounds "10"]
[EventCountry "DEN"]
[Source "ChessBase"]
[SourceDate "2014.08.29"]

1. d4 Nf6 2. Nc3 g6 3. e4 d6 4. Be2 Bg7 5. Be3 O-O 6. g4 Na6 7. g5 Nd7 8. h4 e5
9. Nf3 exd4 10. Nxd4 Re8 11. h5 Nac5 12. hxg6 hxg6 13. f3 c6 14. Qd2 Qe7 15.
O-O-O d5 16. Rde1 dxe4 17. f4 Nb6 18. Rh4 Nba4 19. Nxa4 Nxa4 20. Reh1 c5 21.
Bc4 Rd8 22. Qh2 1-0

[Event "36. Copenhagen Open (Politiken Cup)"]
[Site "Elsinore"]
[Date "2014.07.29"]
[Round "10"]
[White "Nilssen, Ellen Fredericia"]
[Black "Pedersen, Carl Aage"]
[Result "1/2-1/2"]
[WhiteElo "1646"]
[BlackElo "1769"]
[PlyCount "24"]
[EventDate "2014.07.21"]
[EventType "swiss"]
[EventRounds "10"]
[EventCountry "DEN"]
[Source "ChessBase"]
[SourceDate "2014.08.29"]

1. Nf3 c5 2. b3 Nf6 3. Bb2 g6 4. e3 Bg7 5. g4 d6 6. g5 Nh5 7. Bxg7 Nxg7 8. d4
O-O 9. Nbd2 cxd4 10. exd4 d5 11. Qe2 Bf5 12. c3 Nc6 1/2-1/2

[Event "36. Copenhagen Open (Politiken Cup)"]
[Site "Elsinore"]
[Date "2014.07.29"]
[Round "10"]
[White "Nordenbaek, Jan"]
[Black "Beshukov, Sergei"]
[Result "1/2-1/2"]
[WhiteElo "2228"]
[BlackElo "2423"]
[PlyCount "23"]
[EventDate "2014.07.21"]
[EventType "swiss"]
[EventRounds "10"]
[EventCountry "DEN"]
[Source "ChessBase"]
[SourceDate "2014.08.29"]

1. e4 c5 2. Nf3 e6 3. d3 Nc6 4. g3 g6 5. Bg5 Qc7 6. Bg2 Bg7 7. c3 e5 8. O-O d6
9. Na3 a6 10. Nc2 Nge7 11. Qd2 O-O 12. Bh6 1/2-1/2

[Event "36. Copenhagen Open (Politiken Cup)"]
[Site "Elsinore"]
[Date "2014.07.29"]
[Round "10"]
[White "Nordin, Eric"]
[Black "Jensen, Morten Frank"]
[Result "1-0"]
[WhiteElo "1852"]
[BlackElo "2005"]
[PlyCount "53"]
[EventDate "2014.07.21"]
[EventType "swiss"]
[EventRounds "10"]
[EventCountry "DEN"]
[Source "ChessBase"]
[SourceDate "2014.08.29"]

1. e4 g6 2. d4 Bg7 3. c3 d5 4. exd5 Nf6 5. Nf3 Nxd5 6. c4 Nb6 7. Nc3 Bg4 8. Be2
N8d7 9. c5 Nc8 10. Qb3 Bxf3 11. Bxf3 Bxd4 12. c6 bxc6 13. Bxc6 Ncb6 14. Bh6 e6
15. O-O-O Qh4 16. Kb1 Rd8 17. Nb5 Qxh6 18. Nxc7+ Ke7 19. Rxd4 Nc5 20. Qb4 Qg5
21. Rc1 Qe5 22. Nb5 Rxd4 23. Nxd4 Kd6 24. Nb3 Qf5+ 25. Ka1 Rc8 26. Rxc5 Nd5 27.
Rxd5+ 1-0

[Event "36. Copenhagen Open (Politiken Cup)"]
[Site "Elsinore"]
[Date "2014.07.29"]
[Round "10"]
[White "Boe Olsen, Filip"]
[Black "Laustsen, Lars"]
[Result "1/2-1/2"]
[WhiteElo "1937"]
[BlackElo "2115"]
[PlyCount "93"]
[EventDate "2014.07.21"]
[EventType "swiss"]
[EventRounds "10"]
[EventCountry "DEN"]
[Source "ChessBase"]
[SourceDate "2014.08.29"]

1. d4 d5 2. c4 c6 3. cxd5 cxd5 4. Nc3 Nf6 5. Nf3 Nc6 6. Bf4 Bf5 7. e3 e6 8. Qb3
Bb4 9. Bb5 Qe7 10. Ne5 Rc8 11. Qa4 O-O 12. Nxc6 bxc6 13. Ba6 Ne4 14. O-O Bxc3
15. bxc3 Rcd8 16. Qxc6 g5 17. Bg3 Nxg3 18. hxg3 Qa3 19. Be2 Rc8 20. Qa6 Rxc3
21. Qxa3 Rxa3 22. g4 Bg6 23. Rfd1 Rb8 24. Rd2 Rb1+ 25. Rxb1 Bxb1 26. Rd1 Bxa2
27. Ra1 Ra4 28. Bd1 Bb3 29. Rxa4 Bxd1 30. Rxa7 Bxg4 31. Kf1 h5 32. f3 Bf5 33.
Kf2 Kg7 34. Ra1 Kg6 35. Re1 Bd3 36. e4 dxe4 37. fxe4 f5 38. exf5+ Bxf5 39. Re5
Kf6 40. Kf3 Bd3 41. Rc5 Ba6 42. Rc7 Bb5 43. g3 Ba4 44. Rc3 Kf5 45. Rc5+ Kf6 46.
Ke4 Bb3 47. Re5 1/2-1/2

[Event "36. Copenhagen Open (Politiken Cup)"]
[Site "Elsinore"]
[Date "2014.07.29"]
[Round "10"]
[White "Olsen, Michael Richard W"]
[Black "Kaasen, Tor Fredrik"]
[Result "1/2-1/2"]
[WhiteElo "1990"]
[BlackElo "1676"]
[PlyCount "34"]
[EventDate "2014.07.21"]
[EventType "swiss"]
[EventRounds "10"]
[EventCountry "DEN"]
[Source "ChessBase"]
[SourceDate "2014.08.29"]

1. e4 c5 2. Nf3 e6 3. d3 d5 4. exd5 exd5 5. Be2 Nf6 6. O-O Be7 7. Bf4 O-O 8.
Nc3 d4 9. Ne4 Nd5 10. Bd2 f5 11. Ng3 f4 12. Ne4 g5 13. c4 dxc3 14. bxc3 Nc6 15.
Kh1 g4 16. Ne1 h5 17. Bc1 Bf5 1/2-1/2

[Event "36. Copenhagen Open (Politiken Cup)"]
[Site "Elsinore"]
[Date "2014.07.29"]
[Round "10"]
[White "Olsson, Tomas"]
[Black "Skovgaard, Ib"]
[Result "1/2-1/2"]
[WhiteElo "1872"]
[BlackElo "2019"]
[PlyCount "82"]
[EventDate "2014.07.21"]
[EventType "swiss"]
[EventRounds "10"]
[EventCountry "DEN"]
[Source "ChessBase"]
[SourceDate "2014.08.29"]

1. e4 Nf6 2. Nc3 d5 3. e5 Ne4 4. Nce2 e6 5. d3 Nc5 6. d4 Ncd7 7. f4 c5 8. c3
Nc6 9. Nf3 f5 10. exf6 Nxf6 11. g3 Ne4 12. Bg2 cxd4 13. Nexd4 Bc5 14. Be3 Qb6
15. Qb3 O-O 16. O-O Bd7 17. Rfe1 Kh8 18. Qxb6 Bxb6 19. Rad1 Rae8 20. Nxc6 bxc6
21. Ne5 Nf6 22. Bxb6 axb6 23. Bh3 g6 24. Nxd7 Nxd7 25. Bxe6 Nc5 26. Bg4 Na4 27.
Bd7 Nxb2 28. Rxe8 Rxe8 29. Rb1 Rd8 30. Bxc6 Nc4 31. Rb4 Rd6 32. Bxd5 Ne3 33.
Bb3 Rd2 34. Re4 Rg2+ 35. Kh1 Re2 36. Re8+ Kg7 37. Rg8+ Kf6 38. h3 Re1+ 39. Kh2
Re2+ 40. Kh1 Re1+ 41. Kh2 Re2+ 1/2-1/2

[Event "36. Copenhagen Open (Politiken Cup)"]
[Site "Elsinore"]
[Date "2014.07.29"]
[Round "10"]
[White "Palm, Nikolaj"]
[Black "Brorsen, Jacob Abildlund"]
[Result "1-0"]
[WhiteElo "2332"]
[BlackElo "2179"]
[PlyCount "53"]
[EventDate "2014.07.21"]
[EventType "swiss"]
[EventRounds "10"]
[EventCountry "DEN"]
[Source "ChessBase"]
[SourceDate "2014.08.29"]

1. d4 Nf6 2. Nf3 g6 3. e3 Bg7 4. Be2 c5 5. O-O cxd4 6. exd4 O-O 7. c3 d5 8. Bf4
Nc6 9. Nbd2 Bf5 10. h3 Qb6 11. Qb3 Qxb3 12. axb3 Ne4 13. b4 Nxd2 14. Bxd2 Rfd8
15. b5 Nb8 16. Ra2 Bc8 17. Bf4 a6 18. Rfa1 f6 19. Kf1 Re8 20. Nd2 e5 21. Be3
Bf8 22. b4 Kf7 23. Nb3 exd4 24. Nxd4 Bd6 25. Bf3 Be6 26. Nxe6 Kxe6 27. Rd1 1-0

[Event "36. Copenhagen Open (Politiken Cup)"]
[Site "Elsinore"]
[Date "2014.07.29"]
[Round "10"]
[White "Paulsson, Anders"]
[Black "Skjoldager, Flemming"]
[Result "1/2-1/2"]
[WhiteElo "1788"]
[BlackElo "1882"]
[PlyCount "152"]
[EventDate "2014.07.21"]
[EventType "swiss"]
[EventRounds "10"]
[EventCountry "DEN"]
[Source "ChessBase"]
[SourceDate "2014.08.29"]

1. e4 c5 2. Nf3 e6 3. d4 cxd4 4. Nxd4 a6 5. g3 Qc7 6. Bg2 Nf6 7. O-O Nc6 8. Nb3
b5 9. Be3 d6 10. N1d2 Bb7 11. c4 b4 12. Rc1 Rd8 13. f4 Be7 14. Qe2 h5 15. h3 a5
16. Qf2 Nd7 17. c5 a4 18. cxd6 Qxd6 19. e5 Qd3 20. Be4 Qa6 21. Nd4 Nxd4 22.
Bxd4 Bxe4 23. Nxe4 Qd3 24. Qe3 Qxe3+ 25. Bxe3 O-O 26. Rc7 Rfe8 27. Rfc1 f6 28.
Rd1 Nxe5 29. Rxd8 Bxd8 30. Rb7 Nc4 31. Bd4 e5 32. fxe5 fxe5 33. Bc5 Nxb2 34.
Bxb4 Nc4 35. Bc5 Ba5 36. Ra7 Rb8 37. a3 Rb1+ 38. Kf2 Rb5 39. Ra8+ Kh7 40. Rc8
Nd2 41. Ng5+ Kg6 42. Be3 Rb2 43. Kg1 Rb3 44. Bxd2 Bxd2 45. Ne4 Be3+ 46. Kf1
Rxa3 47. Ke1 Bh6 48. Nc3 Rb3 49. Rc6+ Kf5 50. g4+ hxg4 51. hxg4+ Kxg4 52. Nxa4
Re3+ 53. Kf2 Rf3+ 54. Ke2 Ra3 55. Nc3 Bg5 56. Rc4+ Kf5 57. Nd5 Ra2+ 58. Kf3 Rd2
59. Ne3+ Bxe3 60. Kxe3 Rd6 61. Rc1 Rf6 62. Rf1+ Ke6 63. Rg1 g6 64. Rg5 Kd5 65.
Kd3 Re6 66. Ke3 Rd6 67. Rg4 Rf6 68. Rg3 Ke6 69. Rg5 Kd6 70. Rg2 Ke7 71. Rg5 Re6
72. Rg2 Kf7 73. Ke4 Kf6 74. Rf2+ Kg7 75. Rg2 Re8 76. Rg1 Kf6 1/2-1/2

[Event "36. Copenhagen Open (Politiken Cup)"]
[Site "Elsinore"]
[Date "2014.07.29"]
[Round "10"]
[White "Pedersen, Henrik Bolding"]
[Black "Grebstad, Kjell Borre"]
[Result "1/2-1/2"]
[WhiteElo "2134"]
[BlackElo "1994"]
[PlyCount "33"]
[EventDate "2014.07.21"]
[EventType "swiss"]
[EventRounds "10"]
[EventCountry "DEN"]
[Source "ChessBase"]
[SourceDate "2014.08.29"]

1. d4 Nf6 2. Bg5 Ne4 3. h4 h6 4. Bf4 d5 5. Nd2 Nf6 6. e3 Bf5 7. Bd3 e6 8. Bxf5
exf5 9. Ngf3 Bd6 10. Ne5 Nbd7 11. Qf3 Nb6 12. h5 Qe7 13. O-O-O O-O-O 14. Qh3
Qe6 15. f3 Nbd7 16. Nd3 g6 17. Bxd6 1/2-1/2

[Event "36. Copenhagen Open (Politiken Cup)"]
[Site "Elsinore"]
[Date "2014.07.29"]
[Round "10"]
[White "Petersen, Tom Petri"]
[Black "Jorgensen, Dennis"]
[Result "1/2-1/2"]
[WhiteElo "2334"]
[BlackElo "2216"]
[PlyCount "97"]
[EventDate "2014.07.21"]
[EventType "swiss"]
[EventRounds "10"]
[EventCountry "DEN"]
[Source "ChessBase"]
[SourceDate "2014.08.29"]

1. g3 d5 2. Bg2 Nf6 3. Nf3 c6 4. O-O Bg4 5. d4 e6 6. Nbd2 Nbd7 7. c3 Be7 8. Re1
O-O 9. e4 dxe4 10. Nxe4 Nxe4 11. Rxe4 Bf5 12. Re1 Qb6 13. Qe2 Rad8 14. Be3 Qc7
15. Bf4 Bd6 16. Bxd6 Qxd6 17. Nh4 Bg6 18. Nxg6 hxg6 19. h4 Nf6 20. Bf3 Rd7 21.
Rad1 Rfd8 22. Kg2 Qc7 23. Qc4 Nd5 24. Re5 Qb6 25. Qe2 Nf6 26. Rh1 Rd6 27. a4 a5
28. Rg5 Kf8 29. Re1 Qc7 30. h5 gxh5 31. Qe5 R6d7 32. Qc5+ Qd6 33. Qxa5 g6 34.
Rge5 Kg7 35. Qc5 Qxc5 36. Rxc5 Ra8 37. a5 Rd6 38. Ra1 Nd7 39. Rc4 Nb8 40. Rb4
Ra7 41. a6 b5 42. Rb3 Rxa6 43. Rba3 Rxa3 44. Rxa3 Kf6 45. Ra8 Rd8 46. Ra7 Rc8
47. Ra8 Rd8 48. Ra7 Rc8 49. Ra8 1/2-1/2

[Event "36. Copenhagen Open (Politiken Cup)"]
[Site "Elsinore"]
[Date "2014.07.29"]
[Round "10"]
[White "Philipsen, William Horup"]
[Black "Kovshoj, Sune"]
[Result "0-1"]
[WhiteElo "1951"]
[BlackElo "2086"]
[PlyCount "42"]
[EventDate "2014.07.21"]
[EventType "swiss"]
[EventRounds "10"]
[EventCountry "DEN"]
[Source "ChessBase"]
[SourceDate "2014.08.29"]

1. e4 c5 2. d4 cxd4 3. c3 dxc3 4. Nxc3 e6 5. Nf3 Nc6 6. Bc4 Bb4 7. O-O Nge7 8.
Nd5 exd5 9. exd5 O-O 10. dxc6 bxc6 11. Ne5 d5 12. Nxc6 Nxc6 13. Bxd5 Bb7 14.
Qb3 Nd4 15. Bxf7+ Rxf7 16. Qxb4 Nc2 17. Qg4 Nxa1 18. Bg5 Qb6 19. Be3 Qg6 20.
Qh3 Nc2 21. Bd2 Nd4 0-1